| 000 | 00347nam a2200145Ia 4500 | ||
|---|---|---|---|
| 008 | 150201s2008 xx 000 0 und d | ||
| 082 |
_a612.015 _bM08C |
||
| 100 | _aCHATTERJIA | ||
| 245 | _aTB. OF MEDICAL BIOCHEMISTRY | ||
| 250 | _a7TH | ||
| 260 |
_bJAYPEE BROTHERS _aDELHI _c2008 |
||
| 300 | _a1-809 | ||
| 650 | _aBIOCHEMISTRY | ||
| 942 |
_2ddc _cBK _024 |
||
| 999 |
_c35 _d35 |
||